00748nam a22001817a 4500999001700000003000900017008004100026040007100067082002100138100002600159245008500185260003100270300002700301505011500328942001500443945000800458952010000466 c14866d14866AR-CdUCM190424b ||||| |||| 00| 0 spa d aMUNICIPALIDAD PROVINCIAL DEL CUSCOcBIBLIOTECA MUNICIPAL DEL CUSCO aC / 340.4 /bC29 aCastro Bravo, Rodolfo aLa obligación alimentaria i medidas de garantía contra los actos simulados / aCuzco :bGarcilaso,c1959. a90 páginas ;c28 cm. aLa obligación alimentaria -- la accion alimentaria -- garantias del ejercicio de la acción de alimentos... 2ddccTESIS awfj 002ddc4070aSCAbSCAcCARTd2019-04-24g30.00oC / 340.4 / C29pSCA0003341r2019-04-24yTESIS